000 00374pab a2200157 454500
008 180718b2014 xxu||||| |||| 00| 0 eng d
100 _aSarkar, Swathasiddha
245 _aTribal detour in darjeeling hills
260 _c2014
300 _ap.25-26.
362 _a9 Aug
650 _aTribes
773 _aEconomic and Political Weekly
908 _aN
909 _a104943
999 _c104938
_d104938